| Tag |
First Indicator |
Second Indicator |
Subfields |
| LEADER |
00000cam a2200000 a 4500 |
| 001 |
in00000083840 |
| 005 |
20151008054322.0 |
| 008 |
810814s1981 coua b 00000 eng |
| 010 |
|
|
|a 80066185
|
| 020 |
|
|
|a 0870810863
|
| 020 |
|
|
|a 0870810871 (pbk.)
|
| 035 |
|
|
|a (OCoLC)07599028
|
| 035 |
|
|
|9 AAJ0306AM
|
| 039 |
0 |
|
|a 2
|b 3
|c 3
|d 3
|e 3
|
| 040 |
|
|
|a DLC
|c DLC
|d TXA
|d UtOrBLW
|
| 043 |
|
|
|a n-us-az
|
| 049 |
|
|
|a TXAM
|c [1442120]
|
| 050 |
0 |
0 |
|a F788
|b .G746
|
| 082 |
0 |
|
|a 917.91/32044
|2 19
|
| 245 |
0 |
4 |
|a The Grand Canyon, early impressions /
|c edited by Paul Schullery.
|
| 264 |
|
1 |
|a Boulder, Colo. :
|b Colorado Associated University Press,
|c [1981]
|
| 264 |
|
4 |
|c ©1981
|
| 300 |
|
|
|a ix, 195 pages :
|b illustrations ;
|c 24 cm.
|
| 336 |
|
|
|a text
|b txt
|2 rdacontent
|
| 337 |
|
|
|a unmediated
|b n
|2 rdamedia
|
| 338 |
|
|
|a volume
|b nc
|2 rdacarrier
|
| 504 |
|
|
|a Bibliography: pages 194-195.
|
| 651 |
|
0 |
|a Grand Canyon (Ariz.)
|x Description and travel.
|
| 700 |
1 |
|
|a Schullery, Paul.
|
| 999 |
|
|
|a MARS
|
| 999 |
f |
f |
|s fc085c41-418f-30e2-a3d4-b17a5409b3ef
|i b75b2558-2057-3109-82b6-e2990fc61432
|t 0
|
| 952 |
f |
f |
|p ric
|a Texas A&M University
|b Rellis Campus
|c Joint Library Facility
|d Remote Storage
|t 0
|e F788 .G746
|h Library of Congress classification
|i unmediated -- volume
|m A14806110305
|
| 998 |
f |
f |
|a F788 .G746
|t 0
|l Remote Storage
|